BSOP header

Insights into Bible times and customs / (Record no. 42052)

MARC details
000 -LEADER
fixed length control field 00635cam a2200241Ii 4500
001 - CONTROL NUMBER
control field ocm03922687
003 - CONTROL NUMBER IDENTIFIER
control field OCoLC
005 - DATE AND TIME OF LATEST TRANSACTION
control field 20180517144320.0
008 - FIXED-LENGTH DATA ELEMENTS--GENERAL INFORMATION
fixed length control field 780524t19741972ilu 001 0 eng d
020 ## - INTERNATIONAL STANDARD BOOK NUMBER
International Standard Book Number 0802440894
040 ## - CATALOGING SOURCE
Original cataloging agency TSW
Transcribing agency TSW
Modifying agency LGV
049 ## - LOCAL HOLDINGS (OCLC)
Holding library LGVC
100 1# - MAIN ENTRY--PERSONAL NAME
Personal name Weiss, G. Christian,
Dates associated with a name 1910-
245 10 - TITLE STATEMENT
Title Insights into Bible times and customs /
Statement of responsibility, etc by G. Christian Weiss.
260 ## - PUBLICATION, DISTRIBUTION, ETC. (IMPRINT)
Place of publication, distribution, etc Chicago :
Name of publisher, distributor, etc Moody Press,
Date of publication, distribution, etc c1972.
300 ## - PHYSICAL DESCRIPTION
Extent 126 p.;
Dimensions 21 cm.
336 ## - CONTENT TYPE
Content Type Term text
337 ## - MEDIA TYPE
Media Type Term unmediated
338 ## - CARRIER TYPE
Carrier Type Term volume
500 ## - GENERAL NOTE
General note Includes Scripture index.
630 00 - SUBJECT ADDED ENTRY--UNIFORM TITLE
Uniform title Bible
General subdivision Antiquities.
942 ## - ADDED ENTRY ELEMENTS (KOHA)
Source of classification or shelving scheme Library of Congress Classification
Item type Books
Holdings
Withdrawn status Lost status Source of classification or shelving scheme Damaged status Not for loan Home library Current library Shelving location Date acquired Source of acquisition Inventory number Total Checkouts Full call number Barcode Date last seen Price effective from Koha item type
    Library of Congress Classification     BSOP Library BSOP Library GC 05/17/2018   41211   BS620 W43 1972 00052211 05/17/2018 05/17/2018 Books
BSOP

Biblical Seminary of the Philippines
  All rights Reserved
  © 2024

CONTACT INFORMATION

Biblical Seminary of the Philippines,
  77-B Karuhatan Road, Valenzuela City,
  PHILIPPINES 1441
  Phone: +632 8292-6795 / 8292-6798
  Fax : +632 8292-6675
  Email: library@bsop.edu.ph